000 00611nam a2200241 a 4500
001 nice12345678
003 IN_TiNIC
005 20260116011551.0
008 050524s1950 cama grp 000 0 eng
020 _a
_c147
082 0 0 _a954.91
_bLIA
100 _aLiaquat, Ali Khan
245 _aPakistan
_b the Heart of Asia
260 _aCambridge
_bHarvard University Press
_c1950
300 _a151p
500 _aincludes index and biblioraphy
505 2 _aSelect Bibliography Table of Dates
650 _aPakistan
700 1 _aLiaquat, Ali Khan
902 _bSRS
942 _cBK
999 _c2655
_d2655